La lengua absuelta

Gardado en:
Detalles Bibliográficos
Autor Principal: Canetti, Elias (autor)
Formato: Libro
Idioma:Lingua castelá
Publicado: Madrid Alianza Editorial 1983
Edición:1a. ed
Series:El Libro de Bolsillo. Literatura, 979
Subjects:
Tags: Engadir etiqueta
Sen Etiquetas, Sexa o primeiro en etiquetar este rexistro!

MARC

LEADER 00000cam a2200000 a 4500
001 UCD7636
003 CL-VaPUC
008 170331e19830000sp |||||||||||||||||spa|d
082 0 4 |a 808.883  |b CAN  |2 21 
100 |a Canetti, Elias  |e autor  |9 522188 
245 1 3 |a La lengua absuelta 
250 |a 1a. ed 
300 |a 336 p 
942 |c BK 
945 |d 20170331 00:58:00  |a arojas 
260 |a Madrid  |b Alianza Editorial  |c 1983 
650 0 |a Autobiografías   |9 265171 
650 7 |a DIARIOS INTIMOS  |2 CL-VaPUC  |9 265378 
650 7 |a LITERATURA BULGARA  |2 CL-VaPUC  |9 459862 
583 |a last modification  |c 20170331 00:58:00  |k Rodrigo Vera 
490 0 |a El Libro de Bolsillo. Literatura, 979 
999 |c 367610  |d 367608 
952 |0 0  |1 0  |3 erb  |4 0  |6 808_883000000000000_CAN_1983  |7 0  |8 A  |9 482597  |a BIBART  |b BIBART  |i 5384060  |o 808.883 CAN 1983  |p 5384060  |r 2025-03-13  |w 2019-11-24  |y BK  |z Catalogado en:20170331  |k ART